000 00496nam a2200181Ia 4500
999 _c15159
_d15159
003 OSt
005 20201019124131.0
008 190216s9999||||xx |||||||||||||| ||und||
020 _a9781853264610
040 _coclc
082 _a171.3
_bARI/N
100 _aAristotle
_95915
245 4 _aThe Nicomachean Ethics /
_cAristotle
260 _bWordsworth Editions Ltd,
_c1996.
300 _a287p
650 _aEnglish Prose
942 _cBK
_2ddc
_h171.3
_iARI/N
_k171.3
_mARI/N